000 00580nam a2200145 a 4500
008 110930s1971 ||||||||||||||||| || u
050 _aRT 41 Fun
100 _aOrem, Dorothea E
245 1 0 _aNursing concepts of practice
260 _aNew York:
_bMcGraw-Hill Book Company
_c1971
350 _a0.00
650 _aNURSING--PRACTICE--HANDBOOKS, MANUALS, ETC
650 _aNURSING--PRACTICE--TEXTBOOKS
995 _aMEDICAL LIBRARY OPEN ACCESS
_e901428
_FCBU-SCHOOL OF MEDICINE LIBRARY (Ndola)
_I0.00
_jRT 41 Fun
_M1
_UAVAILABLE
_WAug 16, 2012
_y901428
_ZMedical Library Open Access Collection
999 _c32205
_d32205